Curso de periodismo / (Registro nro. 25393)
[ vista simple ]
| 000 -CABECERA | |
|---|---|
| campo de control de longitud fija | 01097nam a2200229 a 4500 |
| 001 - NÚMERO DE CONTROL | |
| campo de control | 000025901 |
| 003 - IDENTIFICADOR DEL NÚMERO DE CONTROL | |
| campo de control | OCoLC |
| 005 - FECHA Y HORA DE LA ÚLTIMA TRANSACCIÓN | |
| campo de control | 20240313073817.0 |
| 008 - DATOS DE LONGITUD FIJA--INFORMACIÓN GENERAL | |
| campo de control de longitud fija | 081209s1980 dr 001 0 spa d |
| 040 ## - FUENTE DE LA CATALOGACIÓN | |
| Centro catalogador/agencia de origen | DO-SdBNP |
| Lengua de catalogación | spa |
| Centro/agencia transcriptor | BNPHU |
| 082 ## - NÚMERO DE LA CLASIFICACIÓN DECIMAL DEWEY | |
| Número de clasificación | 070.4 |
| Número de documento/Ítem | C697c, 1980 |
| 100 1# - ENTRADA PRINCIPAL--NOMBRE DE PERSONA | |
| Nombre de persona | Collado, Lipe, |
| Fechas asociadas al nombre | 1947- |
| 9 (RLIN) | 79819 |
| 245 10 - MENCIÓN DE TÍTULO | |
| Título | Curso de periodismo / |
| Mención de responsabilidad, etc. | Lipe Collado. |
| 250 ## - MENCIÓN DE EDICIÓN | |
| Mención de edición | 3ª ed. |
| 260 ## - PUBLICACIÓN, DISTRIBUCIÓN, ETC. | |
| Lugar de publicación, distribución, etc. | Santo Domingo : |
| Nombre del editor, distribuidor, etc. | Taller, |
| Fecha de publicación, distribución, etc. | 1980. |
| 300 ## - DESCRIPCIÓN FÍSICA | |
| Extensión | 157 p. : |
| Otras características físicas | il. ; |
| Dimensiones | 22 cm. |
| 505 0# - NOTA DE CONTENIDO CON FORMATO | |
| Información miscelánea | Introducción -- |
| Título | El periodismo: la mejor de las profesiones -- |
| -- | La noticia -- |
| -- | Técnica de la redacción -- |
| -- | Características de la noticia -- |
| -- | Las fuentes -- |
| -- | La entrevista -- |
| -- | Párrafos cortos -- |
| -- | La noticia en suspenso -- |
| -- | Periodismo de profundidad -- |
| -- | Noticia social -- |
| -- | Noticia deportiva -- |
| -- | Fotoperiodismo -- |
| -- | Corrector de estilo -- |
| -- | Recomendaciones de estilo -- |
| -- | El artículo -- |
| -- | La noticia curiosa, jocosa, extraña -- |
| -- | Punto final -- |
| 590 ## - NOTA LOCAL (RLIN) | |
| Nota local | Inventariado,2018/DG |
| 650 #4 - PUNTO DE ACCESO ADICIONAL DE MATERIA--TÉRMINO DE MATERIA | |
| Término de materia o nombre geográfico como elemento de entrada | Periodismo |
| Subdivisión de forma | ENSEÑANZA |
| 9 (RLIN) | 26 |
| 650 #4 - PUNTO DE ACCESO ADICIONAL DE MATERIA--TÉRMINO DE MATERIA | |
| Término de materia o nombre geográfico como elemento de entrada | Periodismo |
| Subdivisión general | Arte de escribir |
| 9 (RLIN) | 27 |
| 910 ## - DATOS DE OPCIÓN DEL USUARIO (OCLC) | |
| Datos de opción del usuario | Validado. Control de calidad EMS |
| Estado de retiro | Estado de pérdida | No para préstamo | Código de colección | Localización permanente | Ubicación/localización actual | Ubicación en estantería | Fecha de adquisición | Número de inventario | Total de préstamos | Signatura topográfica completa | Código de barras | Fecha visto por última vez | Precio válido a partir de | Tipo de ítem Koha |
|---|---|---|---|---|---|---|---|---|---|---|---|---|---|---|
| Patrimonio Dominicano | Patrimonio Dominicano | Patrimonio Dominicano | Orden iniciada | 07.08.2019 | LF1 | 070.4 C697c, 1980 | 25901-20 | 25.06.2020 | 25.06.2020 | Libro y Folleto Colección Patrimonio Dominicano | ||||
| Excluido de préstamo | Patrimonio Dominicano | Patrimonio Dominicano | Patrimonio Dominicano | Depósito | 24.02.2011 | LF1 | 070.4 C697c, 1980 | 25901-10 | 25.06.2020 | 25.06.2020 | Libro y Folleto Colección Patrimonio Dominicano |
